Joseph Jakob Plenk's Anfangsgründe der gerichtlichen Arzneywissenschaft

Elmentve itt :
Bibliográfiai részletek
Szerző: Plenk Joseph Jakob
Dokumentumtípus: Könyv
Megjelent: Rudolph Gräffer und Compagnie Wien 1793
Kiadás:Dritte verbesserte Auflage
Kulcsszavak:Igazságügyi orvostan
Online Access:http://misc.bibl.u-szeged.hu/45752
LEADER 00738nam a2200193 i 4500
001 misc45752
005 20200717141342.0
008 200327s1793 hu o 0|| ger d
040 |a SZTE Miscellanea Repozitórium  |b hun 
041 |a ger 
100 1 |a Plenk Joseph Jakob 
245 1 0 |a Joseph Jakob Plenk's Anfangsgründe der gerichtlichen Arzneywissenschaft  |h [elektronikus dokumentum] /  |c  Plenk Joseph Jakob 
260 |a Rudolph Gräffer und Compagnie  |b Wien  |c 1793 
250 |a Dritte verbesserte Auflage 
300 |a 254 p.  |c 22 cm 
561 |a Poór Imre hagyaték 
591 |a Prof. Dr. Poór Ferenc ajándéka (pecsét) 
695 |a Igazságügyi orvostan 
856 4 0 |u http://misc.bibl.u-szeged.hu/45752/1/borklinika_359.pdf  |z Dokumentum-elérés